000 00390nam a2200157Ia 4500
003 Ost
005 20260225132557.0
008 260225s9999||||xx |||||||||||||| ||und||
040 _cfsic
041 _afre
082 _a302.23
100 _aBendjelid Abed
_eAuteur
245 0 _aVilles d'Algérie :
245 0 _bFormation, vie urbaine et aménagement /
_cBendjelid Abed
942 _cكتاب
999 _c34510
_d34510